01314nam a2200325Ia 4500001001200000003000800012006001900020007001500039008004100054010001700095020001800112020001800130040002100148035002100169050002400190245017900214260005700393300002600450490002700476504005100503533015200554650002000706650001500726655002900741700002200770700002500792710001700817830002800834856012600862ebr10288750CaPaEBRm u cr cn|||||||||090217s2009 enka sb 001 0 eng d z 2009006723 z9780754673965 z9780754691228 aCaPaEBRcCaPaEBR a(OCoLC)42991812714aR724b.C8247 2009eb00aCritical interventions in the ethics of healthcareh[electronic resource] :bchallenging the principle of autonomy in bioethics /cedited by Stuart J. Murray and Dave Holmes. aFarnham, Surrey ;aBurlington, VT :bAshgate,c2009. a[xiv], 241 p. :bill.1 aMedical law and ethics aIncludes bibliographical references and index. aElectronic reproduction.bPalo Alto, Calif. :cebrary,d2011.nAvailable via World Wide Web.nAccess may be limited to ebrary affiliated libraries. 0aMedical ethics. 0aBioethics. 7aElectronic books.2local1 aMurray, Stuart J.1 aHolmes, Dave,d1967-2 aebrary, Inc. 0aMedical law and ethics.40uhttp://site.ebrary.com/lib/rucke/Doc?id=10288750zAn electronic book accessible through the World Wide Web; click to view